Statistics for NBA Championship Starters Quiz

Click here to take the quiz!

General Stats

  • This quiz has been taken 125,318 times
    (6,364 since last reset)
  • The average score is 51 of 88

Answer Stats

Player% Correct
LeBron James
100%
Stephen Curry
97%
Kobe Bryant
96%
Anthony Davis
96%
Danny Green
94%
Kawhi Leonard
94%
Michael Jordan
94%
Dwyane Wade
94%
Draymond Green
94%
Klay Thompson
94%
Tim Duncan
93%
Shaquille O'Neal
93%
A.C. Green
92%
Dirk Nowitzki
91%
Tristan Thompson
91%
Scottie Pippen
91%
Kevin Durant
90%
Tony Parker
89%
Chris Bosh
87%
Pau Gasol
87%
Kyrie Irving
86%
Marc Gasol
86%
Dennis Rodman
86%
Rajon Rondo
86%
Kevin Garnett
84%
Hakeem Olajuwon
83%
Kyle Lowry
83%
Paul Pierce
81%
Ray Allen
80%
Dwight Howard
80%
Manu Ginobili
80%
Kevin Love
80%
Isiah Thomas
79%
J.R. Smith
77%
Kenny Smith
74%
David Robinson
74%
Pascal Siakam
73%
Jason Kidd
70%
Ben Wallace
69%
Rasheed Wallace
68%
K. Caldwell-Pope
65%
JaVale McGee
64%
Andre Iguodala
63%
Chauncey Billups
63%
Derek Fisher
60%
Mario Chalmers
53%
Joe Dumars
51%
Bill Laimbeer
51%
Horace Grant
49%
Harrison Barnes
48%
Ron Artest
47%
Kendrick Perkins
47%
Richard Hamilton
45%
Udonis Haslem
44%
Toni Kukoc
44%
Robert Horry
43%
Clyde Drexler
43%
Zaza Pachulia
43%
Tyson Chandler
42%
Ron Harper
40%
Avery Johnson
37%
Andrew Bynum
36%
Tayshaun Prince
36%
Luc Longley
35%
Jason Williams
35%
Shawn Marion
34%
Rick Fox
33%
John Paxson
33%
B.J. Armstrong
32%
J.J. Barea
31%
Bill Cartwright
31%
Mike Miller
30%
Shane Battier
28%
Bruce Bowen
28%
Boris Diaw
25%
Stephen Jackson
22%
Trevor Ariza
21%
Mark Aguirre
18%
Antoine Walker
17%
Glen Rice
16%
Vernon Maxwell
15%
Sean Elliott
15%
Michael Finley
15%
Otis Thorpe
14%
Mario Elie
14%
James Edwards
13%
Nazr Mohammed
13%
Fabricio Oberto
11%

Score Distribution

Percentile by Number Answered

Percent of People with Each Score

Your Score History

You have not taken this quiz since the last reset